000 004690000a22001810004500
020 _a0-8007-1178-5
041 0 _aENG
082 0 4 _aG 261.8 E462m
100 1 _aElliot, Elisabeth
245 1 0 _aThe mark of a man / Elisabeth Elliot
260 _aOld Tappan, New Jersey, USA : Fleming H. Revell
300 _a176 Pag
001 6934
942 _cBK
999 _c37180
_d37180
336 _atexto
_btxt
_2rdacontent
337 _2rdamedia
_asin mediación
_bn
338 _2rdacarrier
_avolumen
_bnc